• 首页
  • 本馆介绍
  • 公告通知
  • 最新文献
  • 馆藏检索
  • 电子资源
  • 读者导购
  • 参考咨询
  • 我的图书馆
  • 登录
  • 详细信息显示
  • 放入我的书架
  • 预约/预借图书
  • 作者相关作品
  • 分类相关作品
  • 丛书相关作品
  • 出版社相关作品

书目信息

  • 表格格式
  • 工作单格式
  • 卡片格式
题名:
无机化学反应方程式手册
    
 
作者: 王珍云 , 曹忠良 编
分册:  
出版信息: 长沙   湖南科学技术出版社  1982
页数: 511页
开本: 19cm
丛书名:
单 册:
中图分类: O611.3-62
科图分类:
主题词: 反应式-无机化学--手册 , 无机化学-反应式--手册
电子资源:
ISBN:
000 00767nam0 2200253 45
001 0182005212
005 20060814153117.46
010    @dCNY1.75
091    @a13204.56
100    @a19950316d1982 em y0chiy0121 ea
101 0  @achi
102    @aCN@b430000
105    @ay z 000yy
200 10 @a无机化学反应方程式手册@Awu ji hua xue fan ying fang cheng shi shou ce@f曹忠良,王珍云编@Fcao zhong liang,wang zhen yun bian
210    @a长沙@c湖南科学技术出版社@d1982
215    @a511页@d19cm
606    @a反应式-无机化学@x手册
606    @a无机化学-反应式@x手册
690    @aO611.3-62@v3
701  0 @a王珍云@Awang zhen yun@4编
701  0 @a曹忠良@Acao zhong liang@4编
801  2 @aCN@bNLC@c20060814
801  0 @aCN@b上海图书馆@c20060607
905    @dO611.3-62@e7
    
    无机化学反应方程式手册/曹忠良,王珍云编.-长沙:湖南科学技术出版社,1982
    511页;19cm
    
    
    ISBN :CNY1.75
    
●
相关链接 在E读中查询图书 在五车中查询图书 在当当中查询图书 在豆瓣中查询图书


正题名:无机化学反应方程式手册     索取号:O611.3-62/7         预约/预借

序号 登录号 条形码 馆藏地/架位号 状态 备注
1 0147279   000349545   第三借阅区/ [索取号:O611.3-62/7] 在馆    
2 0147280   000349554   第三借阅区/ [索取号:O611.3-62/7] 在馆    
3 0147281   000349536   第三借阅区/ [索取号:O611.3-62/7] 在馆    
4 0147282   202447673   第二样本阅览室/ [索取号:O611.3-62/7] 在馆    
5 0158072   000349527   第三借阅区/ [索取号:O611.3-62/7] 在馆    
6 0158073   000349518   第三借阅区/ [索取号:O611.3-62/7] 在馆    
7 0420714   204207143   密集书库/ [索取号:O611.3-62/7] 在馆    
8 0420890   204208909   密集书库/ [索取号:O611.3-62/7] 在馆    
9 0461156   204611562   密集书库/ [索取号:O611.3-62/7] 在馆    
10 0461157   204611571   密集书库/ [索取号:O611.3-62/7] 在馆    
唐山师范学院图书馆 欢迎您!
大连网信软件有限公司© 版权所有